| 000 | 00805nam a22002655a 4500 | ||
|---|---|---|---|
| 005 | 20150824155241.0 | ||
| 008 | 100907t2004 caua|||frb||| 001 0 eng d | ||
| 010 | _a 2002038362 | ||
| 020 | _a0534407528 | ||
| 020 | _a9780534407520 | ||
| 040 |
_aEG-ScBUE _beng _cEG-ScBUE |
||
| 082 | 0 | 4 |
_a624.15 _bDAS _222 |
| 100 | 1 |
_aDas, Braja M., _918723 |
|
| 245 | 1 | 0 |
_aPrinciples of Foundation Engineering / _cBraja M. Das. |
| 250 | _a5th ed. | ||
| 260 |
_aPacific Grove, CA : _bThomson/Brooks/Cole, _cc.2004. |
||
| 300 |
_axix, 743 p. : _bill. ; _c24 cm. |
||
| 500 | _aIndex : p. 737-742. | ||
| 504 | _aIncludes bibliographical references. | ||
| 590 | _adoaa mohamed | ||
| 650 | 0 |
_aFoundations. _918724 _2BUEsh |
|
| 651 | _2BUEsh | ||
| 653 |
_bENGGEN _cAugust2015 |
||
| 942 |
_cBB _k624.15 DAS _2ddc |
||
| 999 |
_c976 _d976 |
||